000 00252nam a2200109Ia 4500
008 190912s9999||||xx |||||||||||||| ||und||
100 _aThomas Hardy
245 0 _aFar From The Madding Crowd
260 _aUSA
_bOxford
_c1998
300 _a480
942 _cBK
999 _c7282
_d7282